000 00809nam a2200265Ia 4500
003 GCL
008 140319s9999 xx 000 0 ara d
040 _aGCL /
_cGCL
082 0 4 _a157
_bع م
100 1 _aعبدالسلام عبدالغفار
245 1 0 _aمقدمة فى الصحة النفسية /
_cعبدالسلام عبدالغفار
260 _a[S.N] :
_bدار النهضة العربية ،
_c1990
300 _a270 ص
490 _a
650 0 4 _aالصحة النفسية
650 0 4 _aالتربية
650 0 4 _aعلم النفس
650 0 4 _aالتحليل النفسى
650 0 4 _aنظريات
650 0 4 _aالاضطرابات النفسية
650 0 4 _aالعلاج النفسى
650 0 4 _aالسلوك
650 0 4 _aالطب النفسى
942 _2ddc
_cBK
999 _c32635
_d32635